Stoned : jewelry, obsession, and how desire shapes the world

Saved in:
Bibliographic Details
Main Author Raden, Aja (Author)
Format Electronic eBook
LanguageEnglish
Published New York, NY : Ecco, an imprint of HarperCollins Publishers, [2015]
EditionFirst edition.
Subjects
Online AccessFull text
ISBN9780062334718
9780062334701
Physical Description1 online zdroj (300 stran)

Cover

LEADER 00000cam a2200000 i 4500
001 113435
003 CZ-ZlUTB
005 20260603125028.0
006 m o d
007 cr cnu---unuuu
008 221008s2015 xx eo 000 0 eng d
020 |a 9780062334718  |q (electronic bk.) 
020 |z 9780062334701 
040 |a EBLCP  |b eng  |c EBLCP  |d N$T  |d OCLCF  |d OCLCO  |d OCLCQ  |e rda 
072 7 |a 671  |x Předměty z drahých kovů  |2 Konspekt  |9 19 
080 |a 736.2  |2 MRF 
080 |a 671.12  |2 MRF 
080 |a 93/94  |2 MRF 
080 |a (0.034.2:08)  |2 MRF 
080 |a (048.8)  |2 MRF 
100 1 |a Raden, Aja,  |e author. 
245 1 0 |a Stoned :  |b jewelry, obsession, and how desire shapes the world /  |c Aja Raden. 
250 |a First edition. 
264 1 |a New York, NY :  |b Ecco, an imprint of HarperCollins Publishers,  |c [2015] 
264 4 |c ©2015 
300 |a 1 online zdroj (300 stran) 
336 |2 rdacontent  |a text  |b txt 
337 |2 rdamedia  |a počítač  |b c 
338 |2 rdacarrier  |a online zdroj  |b cr 
506 |a Plný text je dostupný pouze z IP adres počítačů Univerzity Tomáše Bati ve Zlíně nebo vzdáleným přístupem pro zaměstnance a studenty 
588 0 |a Print version record. 
650 0 7 |a gemy  |7 ph158318  |x dějiny  |2 czenas 
650 0 7 |a klenoty  |7 ph121613  |x dějiny  |2 czenas 
650 0 9 |a gems  |x history  |2 eczenas 
650 0 9 |a jewelry  |x history  |2 eczenas 
655 7 |a elektronické knihy  |7 fd186907  |2 czenas 
655 7 |a monografie  |7 fd132842   |2 czenas 
655 9 |a electronic books  |2 eczenas 
655 9 |a monographs  |2 eczenas 
856 4 0 |u https://search.ebscohost.com/login.aspx?direct=true&scope=site&db=nlebk&AN=3210013&authtype=ip,shib&custid=s3936755 
910 |a ZLD002 
942 |2 udc 
992 |c EBOOK-TN  |c EBSCO  |a BK 
993 |x NEPOSILAT  |y EIZ 
999 |c 113435  |d 113435